盜墓筆記 . 第二季

資料類型: Book 圖書   書目號:42068

Leader xxxxxxxxxx
001 __ PCLIS00042068
005 __ 20220218151548.0
010 0_ |a978-986-219-204-7|b之1 : 平裝|dNT$199
010 0_ |a978-986-219-205-4|b之2 : 平裝|dNT$199
010 0_ |a978-986-219-314-3|b之3 : 平裝|dNT$199
010 0_ |a978-986-219-315-0|b之4 : 平裝|dNT$199
010 0_ |a978-986-219-619-9|b之5 : 平裝|dNT$199
010 0_ |a978-986-219-620-5|b之6 : 平裝|dNT$199
010 0_ |a978-986-219-633-5|b之7 : 平裝|dNT$199
010 0_ |a978-986-219-634-2|b之8 : 平裝|dNT$199
100 __ |a20100408g20092012m  y0chiy09      e
101 0_ |achi
102 __ |atw
105 __ |ay   z   000ay
200 1_ |a盜墓筆記|h第二季|dThe secret of grave robber|zeng|f南派三叔著
205 __ |a第1版
210 __ |a臺北縣汐止市|c普天出版|a臺北縣中和市|c旭昇總經銷|d2009-2012(民98-101)
215 0_ |a8冊|d21公分
225 2_ |a文學新樂園|v96-97,130-131,208-209,212-213
300 __ |a著者本名徐磊
327 1_ |v1,|a1, 陰古山樓I|v2,|a2, 陰古山樓II|v3,|a3, 邛籠石影I|v4,|a4, 邛籠石影II|v5,|a5, 大結局I|v6,|a6, 大結局II|v7,|a7, 大結局III|v8,|a8, 大結局IV. 精采完結
410 _0 |12001 |a文學新樂園|v96-97,130-131,208-209,212-213
500 11 |a盜墓筆記
510 1_ |aThe secret of grave robber|zeng
517 1_ |a陰山古樓I|zchi
517 1_ |a邛籠石影I|zchi
517 1_ |a大結局|zchi
681 __ |a857.7|b8564
700 _0 |a南派三叔|4801 _0 |atw|b內湖高中|c20100408|gCCR
801 _2 |atw|b內湖高中|c20220218|gCCR
詳細館藏 1-8 筆 (共 8 筆)
索 書 號登 錄 號冊次號館別 / 館藏地流通類型狀態加入預約清單電子資源
857.7 / 8564 1018028 v.1 圖書館 / 一樓普通區 可外借30天 在館   
857.7 / 8564 1018029 v.2 圖書館 / 一樓普通區 可外借30天 在館   
857.7 / 8564 1018308 v.4 圖書館 / 一樓普通區 可外借30天 在館   
857.7 / 8564 1018309 v.3 圖書館 / 一樓普通區 可外借30天 在館   
857.7 / 8564 1020009 v.5 圖書館 / 一樓普通區 可外借30天 在館   
857.7 / 8564 1020010 v.6 圖書館 / 一樓普通區 可外借30天 在館   
857.7 / 8564 1020011 v.7 圖書館 / 一樓普通區 可外借30天 在館   
857.7 / 8564 1020012 v.8 圖書館 / 一樓普通區 可外借30天 在館   

| 條列資料




目錄查詢 分類查詢 個人資料 圖書薦購 新書查詢 閉館日 排行榜 更多電子資源 Hami書城 線上資料庫 登出

From : 216.73.217.52

  本日流通累計至 02:28:32 借閱 : 0 次 續借 : 0 次 歸還 : 0 次 預約 : 0 次 電子資源 : 0 次


內湖高中圖書館  PCLIS 版本  26.5.0.12